=LDR 00000nam 2200000 4500 =001 NUTBA000000000003267 =005 20140812114423.0 =006 =007 =008 =020 ##$$a 978-979-756-015-7 =035 ##$$a 0010-081400000000111 =040 ##$$a NBPDMAT =082 ##$$a 372.3 =090 ##$$a 372.3 $b Ala a =100 ##$$a Alanna Faradiana =245 ##$$a Ayo mengukur jarak / $c Alanna Faradiana =260 ##$$a Surabaya : $b Graha Ilmu Mulia, $c 2011 =300 ##$$a iv, 52 hlm. : $b ilus. ; $c 25 cm. =500 ##$$a Bibliografi : hlm. 50 =650 ##$$a Pendidikan dasar-sains =990 ##$$a 21404112 =990 ##$$a 0001/BPAP-NTB/20142014 =990 ##$$a 0001/BPAP-NTB/20142014 =990 ##$$a 0001/BPAP-NTB/20142014 =990 ##$$a 0001/BPAP-NTB/20142014 =990 ##$$a 0001/BPAP-NTB/20142014